000 00336nam a2200145Ia 4500
100 _aBhattacharyya/A.
942 _cBK
654 _aMetal cutting
245 _aMetal cutting :theroy and practice
260 _bCentral Book Publishing
_aCulcutta
_c1984
082 _a671.53
_bBHA
300 _a657
546 _aENGLISH
999 _c32594
_d32594